Introducción en la acuicultura : (Registro nro. 5527)

Detalles MARC
000 -CABECERA
Campo de control 00700cam a2200217 i 4500
005 - FECHA Y HORA DE LA ULTIMA TRANSACCION
Campo de control 20170726020002.0
008 - ELEMENTOS DE LONGITUD FIJA—INFORMACION GENERAL
Campo de control 990505s1998 ck a r 00110 spa d
015 ## - NATIONAL BIBLIOGRAPHY NUMBER
National bibliography number ck-1998-xxxx
020 ## - ISBN
ISBN 9589620744
040 ## - FUENTE DE CATALOGACIÓN
Agencia catalogadora original la
Agencia transcriptora la
Agencia Modificadora CO-BoIAVH
041 0# - IDIOMA
Código de idioma para texto/pista de sonido o título separado Español
082 04 - NUMERO DE CLASIFICACION DECIMAL DEWEY
Número de clasificación 639
Número del ítem W39i
100 1# - ASIENTO PRINCIPAL--NOMBRE PERSONAL
Nombre personal Wedler, Eberhard
9 (RLIN) 59556
245 10 - MENCION DE TITULO
Título Introducción en la acuicultura :
Parte restante del título con énfasis en los neotrópicos /
Mención de responsabilidad Eberhard Wedler.
260 ## - PUBLICACION, DISTRIBUCION, ETC. (PIE DE IMPRENTA)
Lugar de publicación, distribución, etc. Santa Marta :
Nombre del editor, distribuidor, etc. Litoflash,
Fecha de publicación, distribución, etc. 1998.
300 ## - DESCRIPCION FISICA
Extensión 388 páginas :
Otros detalles físicos ilustraciones ;
Dimensiones 25 cm.
504 ## - NOTA DE BIBLIOGRAFIA, ETC.
Nota de bibliografía Incluye referencias bibliográficas e índice.
650 14 - ASIENTO SECUNDARIO DE MATERIA - TERMINO TEMATICO
Término temático o nombre geográfico como elemento de entrada Acuicultura.
9 (RLIN) 82552
650 24 - ASIENTO SECUNDARIO DE MATERIA - TERMINO TEMATICO
Término temático o nombre geográfico como elemento de entrada Acuicultura tropical
9 (RLIN) 59558
942 ## - ELEMENTOS ADICIONALES (KOHA)
Sistema de clasificación Dewey Decimal Classification
Tipo de ítem Libro
Koha issues (borrowed), all copies 1
Existencias
Withdrawn status Lost status Sistema de Clasificación Damaged status No para préstamo Colección Inventariado Ubicación Permanente Ubicación actual Fecha de adquisición Valor Total Checkouts Total Renewals Número topográfico Inventario / Código de Barras Date last seen Date checked out Ejemplar Price effective from Forma de adquisición Tipo de material
    Dewey Decimal Classification     General Inventariado 2017 Bogotá Bogotá 17/05/2007 39000.00 1 1 LB-639 W39i 024326 23/08/2017 25/07/2017 Ej. 1 04/12/2012   Libro